Przemiany strukturalne w Euroregionie Nysa materialy z miedzynarodowej konferencji ..., Karpacz, 4-5 grudnia 1998 r.
Salvato in:
| Altri autori: | |
|---|---|
| Natura: | Libro |
| Lingua: | polacco ceco |
| Pubblicazione: |
Wroclaw
Wydawnictwo Akademii Ekonomicznej im. Oskara Langego we Wroclawiu
1999
|
| Serie: | Materialy konferencyjne
Prace naukowe nr. 827 |
| Soggetti: | |
| Tags: |
Nessun Tag, puoi essere il primo ad aggiungerne!!
|
MARC
| LEADER | 00000nam a2200000 4500 | ||
|---|---|---|---|
| 001 | c122212 | ||
| 005 | 20221221083341.9 | ||
| 022 | |a 0324-8445 | ||
| 041 | 0 | |a pol | |
| 041 | 0 | |a cze | |
| 044 | |a PL | ||
| 245 | 1 | 0 | |a Przemiany strukturalne w Euroregionie Nysa |b materialy z miedzynarodowej konferencji ..., Karpacz, 4-5 grudnia 1998 r. |c Redaktor naukowy: Jerzy Sokolowski |
| 264 | 1 | |a Wroclaw |b Wydawnictwo Akademii Ekonomicznej im. Oskara Langego we Wroclawiu |c 1999 | |
| 300 | |a 111 s. | ||
| 490 | 1 | |a Materialy konferencyjne |v Prace naukowe nr. 827 | |
| 830 | 0 | |a Materialy konferencyjne |v Prace naukowe nr. 827 | |
| 610 | 2 | 0 | |a zmeny štruktúrne |
| 610 | 2 | 0 | |a euroregióny |
| 610 | 2 | 0 | |a kooperácia hospodárska medzinárodná |
| 610 | 2 | 0 | |a technológia |
| 610 | 2 | 0 | |a privatizácia |
| 610 | 2 | 0 | |a obce |
| 610 | 2 | 0 | |a príjmy |
| 610 | 2 | 0 | |a rast podniku |
| 610 | 2 | 0 | |a transformácia |
| 610 | 2 | 0 | |a poľnohospodárstvo |
| 610 | 2 | 0 | |a turistika |
| 610 | 2 | 0 | |a infraštruktúra |
| 610 | 2 | 0 | |a politika fiškálna |
| 610 | 2 | 0 | |a demografia |
| 610 | 2 | 0 | |a unifikácia |
| 610 | 2 | 0 | |a mena |
| 610 | 2 | 0 | |a zamestnanosť |
| 610 | 2 | 0 | |a podpora podnikania |
| 610 | 2 | 0 | |a podnikanie malé |
| 610 | 2 | 0 | |a podnikanie stredné |
| 610 | 2 | 0 | |a Česko |
| 610 | 2 | 0 | |a Nemecko |
| 610 | 2 | 0 | |a Poľsko |
| 700 | 1 | |a Sokolowski, Jerzy | |